000 00633nam a22001937a 4500
005 20251108164725.0
008 250721s9999 xx 000 0 ara d
082 1 4 _a614.8/صلا
100 1 _aكمال، صلاح الدين محمد إبراهيم
245 1 0 _aالأمن و السلامة و الإنقاذ في الرياضات المائية /
264 1 _aالقاهره :
_bدار المعارف،
_c[19-].
300 _a193ص
650 1 7 _aالإسعاف الأولي
650 1 7 _aالإنقاذ
650 1 7 _aالسياحة
700 1 _aالكرداني، محمد فتحي
942 _2ddc
_cBK
999 _c12772
_d12772